01050cam a22003494i 4500003000900000005001700009008004100026020001500067035002700082040003300109082002000142100002900162245004500191264007000236300003800306336002100344337002500365338002300390505016200413526001000575526001000585526001000595526001000605526000800615526000800623526000800631526000800639526000800647526000800655526000800663650002900671PE-LiUPU20250731173539.0150616s r 000 0 d a0834115034 a(Sirsi) i9780834115033 aPE-LiUPUbspacPE-LiUPUerda04a254.54bH942211 aHunter, Kent R.,eautor.14aThe Lord`s Harvest and the Rural Church. 1aKansas City, Missouri :bBeacon Hill Press of Kansas City,c1993. a144 páginas ;c21 centímetros atext2rdacontent aunmediated2rdamedia avolume2rdacarrier0 aWhat is rural?.- The personality of the rural church.- The rural rainbow.- Heaing the church`s Wounded persoanlity.- Health and vitality in the rural church. aSEG42 aSEG41 aSEG40 aSEG39 aP94 aP87 aP86 aP85 aP77 aP76 aP3504aIGLESIA RURAL - ESTUDIO.